Harry Potter 7-to-1 Quiz Stats

 Plays Quiz Updated Sep 25, 2017

Challenge
Share
Tweet
Embed
Score 0/28 Timer 06:00
7 Plays Today
% Correct
Dolores Umbridge
98%
Severus Snape
97.6%
Albus Dumbledore
97.4%
Fluffy
96.5%
Fang
96.2%
Quidditch
96%
Horace Slughorn
95.9%
Salazar Slytherin’s Locket
95.8%
Hermione Granger
95.7%
Tom Riddle’s Diary
95.5%
Rowena Ravenclaw’s Diadem
95.3%
Buckbeak
95.1%
Remus Lupin
95%
Aragog
94.7%
% Correct
Phoenix feather
94.7%
Unicorn hair
94.2%
Marvolo Gaunt’s Ring
94.2%
Helga Hufflepuff’s Cup
94.1%
Beauxbatons
93.8%
Dragon heartstring
93.7%
Norbert
93.5%
Pomona Sprout
93.1%
Durmstrang
92.9%
Mary Cattermole
92.5%
Justin Finch-Fletchley
92.1%
Dirk Cresswell
91.8%
Nagini
89.5%
Aurora Sinistra
84.2%

You're not logged in!

Compare scores with friends on all Sporcle quizzes.
Join for Free
OR
Log In

You Might Also Like...

Show Comments

Extras

Top Quizzes Today


Score Distribution

Your Account Isn't Verified!

In order to create a playlist on Sporcle, you need to verify the email address you used during registration. Go to your Sporcle Settings to finish the process.

Report this User

Report this user for behavior that violates our Community Guidelines.

Details: